Дело о стипендиях при Санкт-Петербургском университете имени покойного коллежского секретаря Александра Романовича фон Эссена

Доступно только в Электронных читальных залах Найти на картеНа карте
RUSMARC
00003760nmc2a2200000 x 450
00187648e4c-57b6-4ba9-886b-b404b4d66335
00520171011045750.0
100##$a20160616l18951895k l0rusy0189 ca
1010#$arus
102##$aRU
2001#$aДело о стипендиях при Санкт-Петербургском университете имени покойного коллежского секретаря Александра Романовича фон Эссена
$j7-10 октября 1895 г.
251##$cДело
300##$aДело
801#0$aRU
$bРГИА
$c20160616
$gRCR
801#1$aRU
$bГлавНИВЦ
$c20160616
$2rusmarc
801#2$aRU
$bПБ им. Б.Н. Ельцина
$c20171011
$gRCR
$2rusmarc
850##$aРГИА
852##$aРГИА
$eФедеральное казенное учреждение "Российский государственный исторический архив" (РГИА)
$j1248
937##$hРГИА
$d12210849
$aASBIBLIO_SCAN
462#0$100172e5b07f-5533-4156-8670-50a03868b2f1
$12001
$aДела разряда высших учебных заведений Департамента народного просвещения за 1886-1898 гг.
$1251
$cОпись
$1852
$j150
461#0$1001a74412a3-3cc5-4d21-8f0a-dfe2fbd9e72d
$12001
$aДепартамент народного просвещения Министерства народного просвещения (1803-1917)
$1251
$cФонд
$1852
$j733
215##$a7 л.
$d36,5х26 см
371##$aДокумент не является опубликованным и широко распространяемым
105##$ay###
1222#$ad
035##$a87648e4c-57b6-4ba9-886b-b404b4d66335
856##$uhttp://readingroom.main.prlib.ru/item.aspx?id_node=n106950134&mode=full
Формат отображения